Текст песни "Голая" — Градусы - Statistics

General Stats
  • This quiz has been taken 13 times
  • The average score is 223 of 282
Answer Stats
Текст песни % Correct
Нравится
100%
мне,
100%
когда
100%
ты
100%
голая
100%
по
100%
квартире
100%
ходишь
100%
И
100%
нравится
100%
мне
100%
с
100%
и
100%
мне...
100%
я
100%
заболею
100%
Я
100%
себе
100%
поставить
100%
банки
100%
сумею
100%
не
100%
рядом
100%
Мне
100%
Когда
100%
нравится,
100%
заводишь
92%
тобою
92%
во
92%
Плевать,
92%
если
92%
сам
92%
в
92%
А
92%
для
92%
тебя
92%
огромную
92%
пиццу
92%
на
92%
никого,
85%
надо
85%
Лишь
85%
бы
85%
ходила
85%
сниться
85%
приготовлю
85%
несомненно
77%
но
77%
никогда
77%
будет
77%
скучно
77%
планету
77%
открою
77%
пока
77%
она
77%
тебе
77%
это
69%
даже
69%
меня
69%
блин,
69%
твою
69%
честь
69%
тобой
69%
Это
69%
или
62%
что
62%
кухне
62%
ванной
62%
дивана,
62%
днём
54%
ночью —
54%
одеяло
54%
стянула
54%
целоваться
54%
ночь
54%
Неважно,
46%
мы
46%
продуло,
46%
дома
46%
хочу
46%
громко
38%
хохочешь
38%
они
38%
сне
38%
заднем
38%
ряду
38%
вздумай
38%
меняться
38%
ругаться
38%
только
38%
две
38%
обижаться
38%
замечать
38%
рухнуть
38%
из
38%
сутки
38%
выходить
38%
любую,
38%
буду
38%
пусть
38%
фильмы
31%
Хоть
31%
дебильны,
31%
можем
31%
пять
31%
минут
31%
так
31%
всю
31%
говорить
31%
останется
31%
день
31%
смотрим
23%
расстояний,
23%
безумно
23%
тянет,
23%
максимум
15%
впечатлениями,
15%
е-е
8%
Каждый
8%
новый
8%
завалится
8%
обострениями,
0%
No matching quizzes found
Score Distribution
Percent of People with Each Score
Percentile by Number Answered
Your Score History
You have not taken this quiz